Normal view
MARC view
Entry Término temático
001 - NÚMERO DE CONTROL
- campo de control: 19007
003 - IDENTIFICADOR DEL NÚMERO DE CONTROL
- campo de control: OSt
005 - FECHA Y HORA DE LA ÚLTIMA TRANSACCIÓN
- campo de control: 20200615032645.0
008 - DATOS DE LONGITUD FIJA
- campo de control de longitud fija: 200615|| aca||aabn | a|a d
040 ## - FUENTE DE LA CATALOGACIÓN
- Centro catalogador/agencia de origen: OSt
- Centro/agencia transcriptor: OSt
150 ## - ENCABEZAMIENTO--TÉRMINO DE MATERIA
- Término de materia o nombre geográfico como elemento de entrada: TRATADOS COMERCIALES
- Subdivisión geográfica: CARIBE (REGIÓN)
670 ## - FUENTE DE DATOS ENCONTRADOS
- Cita de la fuente: Work cat.: (OSt)6630: República Dominicana. 447, Acuerdo de libre comercio entre la comunidad del Caribe (CARICOM) y la República Dominicana /, 2002.
